[Event "EU-ch 10th"]
[Site "Budva"]
[Date "2009.03.17"]
[Round "11"]
[White "Wojtaszek, Radoslaw"]
[Black "Vitiugov, Nikita"]
[Result "0-1"]
[WhiteElo "2608"]
[BlackElo "2687"]
[Annotator "Vitiugov,N"]
[PlyCount "72"]
[EventDate "2009.03.06"]
[EventType "swiss"]
[EventRounds "11"]
[EventCountry "MNE"]
[SourceTitle "CBM 130"]
[Source "ChessBase"]
[SourceDate "2009.05.20"]
[SourceVersion "1"]
[SourceVersionDate "2009.05.20"]
[SourceQuality "1"]

{This game was played in last round. Both of us were fighting for a victory.
But this game was also quite important for me for another reason. Four years
ago in the last round of Wch under 18 I lost to Wojtaszek in a similar game,
in which "the winner takes all".} 1. d4 Nf6 2. Nf3 d5 3. c4 c6 4. Nc3 dxc4 ({
Usually I have played here} 4... e6 {, but I decided to surprise my opponent
in this game.}) 5. a4 Bf5 6. e3 ({In my opinion,} 6. Ne5 {is more principled.})
6... e6 7. Bxc4 Bb4 8. O-O Nbd7 9. Qe2 {Radoslaw was Anand's second in the
match against Kramnik, so this position certainly was well-known to him.} Bg4
$5 {I looked for a complicated position, so I decided to choose a rare
continuation.} 10. Rd1 {Very solid.} (10. e4 $5 {was a sharp alternative. For
example,} Nb6 11. Bb3 Bxf3 12. Qxf3 Qxd4 13. a5 Nbd7 14. Ra4 Qc5 15. Qg3 O-O
16. Be3 Qe7 17. e5 Bxc3 18. bxc3 Nd5 19. Bg5 f6 20. exf6 N7xf6 21. Rh4 Qc5 22.
Qe5 $44 {Gelfand,B -Grischuk,A /Izmir 2004}) 10... O-O 11. e4 Qe7 12. h3 Bh5
13. Bf4 $6 {An artificial move, despite the fact that Paul Petrovich Keres
played this way.} (13. e5 $5 Nd5 14. Ne4 f6 15. exf6 N7xf6 16. Ng3 Bxf3 17.
Qxf3 Rae8 18. Qb3 a5 19. Bd2 Kh8 20. Bxb4 Nxb4 21. Re1 Nfd5 $13 {Eljanov,P -Bu
Xiangzhi /Wijk aan Zee 2007.}) 13... Bxf3 {A typical resource.} 14. Qxf3 e5 15.
Bg5 $6 {My opponent was also playing for a win, so he chose a very risky way.}
({I think, White should play} 15. Bg3 exd4 16. Rxd4 Bc5 $5 (16... Ne5 17. Bxe5
Qxe5 18. Bxf7+ Rxf7 19. Rxb4 Nd5 20. Qxf7+ Kxf7 21. exd5 $11) 17. Rd2 Ne5 18.
Qe2 Rad8 $13) ({or} 15. Be3 exd4 16. Bxd4 Ne5 17. Qe2 Rad8 $132) 15... exd4 16.
Rxd4 Ne5 17. Qe2 Bc5 18. Rdd1 h6 $5 ({I overlooked} 18... Bxf2+ {, but
sometimes weak tactical sight helps!} 19. Qxf2 (19. Kxf2 Qc5+ $15) 19... Nxc4
20. Rd4 Ne5 21. Rad1 $44) 19. Bh4 Rad8 20. Bb3 Ng6 ({The alternative was} 20...
Bd4 $5 21. Nd5 cxd5 22. Rxd4 g5 23. Bg3 Nc6 (23... dxe4 24. Rxe4 $1 Nxe4 25.
Qxe4 $18) 24. Rdd1 dxe4 $13 {, but I thought, White has compensation for draw
here.}) 21. Bg3 Bd4 22. Qc4 (22. Nd5 $2 Nxd5 23. Bxd5 Rxd5 $19) 22... Ne5 {
A very ambitious desicion.} (22... Be5 $5 23. Bxe5 Nxe5 24. Qe2 Qb4 25. Ba2
Rfe8 {with some pressure.}) 23. Qe2 Qb4 24. Qc2 Nh5 (24... Ng6 $5 {was more
reliable.}) 25. Bh2 Qc5 26. a5 $6 {Without a plan.} ({More useful was} 26. Rd2
$5) 26... Ng6 27. Qe2 ({During the game I afraid of} 27. e5 {, but here Black
should play} Nhf4 $1 (27... Nxe5 $2 28. Qe2 Ng6 29. Qg4 $1 $44) 28. Bxf4 Nxf4
29. Qf5 Ne6 30. Bxe6 fxe6 31. Qxe6+ Kh8 $15 {with a better position.}) 27...
Nhf4 28. Qf3 Be5 $15 29. Rxd8 $2 {My opponent usually plays quickly. In our
previous games I had problems therefore, but now I won this position in 8
moves due to it.} (29. a6 $5) 29... Rxd8 30. Rd1 Qxa5 $138 31. h4 $6 {fast and
furious play in time trouble, but White had no choice any more.} Nxh4 32. Qg4
Rxd1+ 33. Bxd1 Nhg6 (33... Nfxg2 $5 34. Bg3 Bxg3 35. fxg3 Qb6+ 36. Kh1 Qxb2 37.
gxh4 Ne3 38. Qc8+ Kh7 $19) 34. Qc8+ Kh7 35. Bxf4 Bxc3 36. Bb3 Be5 $1 {I won
the tie-break against Svetushkin and qualified for the World Cup. I was quite
lucky during the whole tournament. Unsurprisingly, during the next tournament
I failed in some very favourable positions, but that is quite another story.}
0-1